अंकगणित : (Record no. 194771)

MARC details
000 -LEADER
fixed length control field 01378nam a22002057a 4500
005 - DATE AND TIME OF LATEST TRANSACTION
control field 20230911153236.0
010 ## - LCCN (DPL NO)
LC control number B-750453-462 HIN-125770
020 ## - INTERNATIONAL STANDARD BOOK NUMBER
International Standard Book Number 9789352535675
Terms of availability 499.00
035 ## - SYSTEM CONTROL NUMBER
System control number B-750453-462 Hn-98116
037 ## - SOURCE OF ACQUISITION
Source of stock number/acquisition वैभव पब्लिकेशन
082 ## - DEWEY DECIMAL CLASSIFICATION NUMBER
Classification number 510
100 ## - MAIN ENTRY--PERSONAL NAME
Personal name अग्रवाल,आर.एस.
245 ## - TITLE STATEMENT
Title अंकगणित :
Remainder of title प्रतियोगी परीक्षाओं के लिए विषयात्मक एंव वस्तुनिष्ठ प्रश्नों सहित /
Statement of responsibility, etc आर.एस.अग्रवाल एंव दीपकअग्रवाल
260 ## - PUBLICATION, DISTRIBUTION, ETC. (IMPRINT)
Place of publication, distribution, etc नई दिल्ली
Name of publisher, distributor, etc एस चन्द एण्ड कम्पनी
Date of publication, distribution, etc 2017
270 ## - ADDRESS
Address 7361,राम नगर,कुतुब रोड,
City नई दिल्ली
Postal code 110055
Electronic mail address wwwshandpublishing.com
300 ## - PHYSICAL DESCRIPTION
Extent वि पृ.
Dimensions 26 सेमी.(अजिल्द)
700 ## - ADDED ENTRY--PERSONAL NAME
Personal name आग्रवाल,दीपक
9 (RLIN) 55805
942 ## - ADDED ENTRY ELEMENTS (KOHA)
Source of classification or shelving scheme Dewey Decimal Classification
Item type Hindi Books
Classification part 000
Call number suffix अग्रवा
Holdings
Withdrawn status Lost status Not for loan Collection code Home library Current library Date acquired Source of acquisition Cost, normal purchase price Full call number Barcode Copy number Cost, replacement price Koha item type
      Non-fiction Ashok Vihar Ashok Vihar 05/04/2023 वैभव पब्लिकेशंस/18/02/.01.23363/02.01.23/31.01.23 499.00 510 अग्रवा B-750456 1 499.00 Hindi Books
      Non-fiction Bagh Kadhe Khan Bagh Kadhe Khan 05/04/2023 वैभव पब्लिकेशंस/18/02/.01.23363/02.01.23/31.01.23 499.00 510 अग्रवा B-750459 1 499.00 Hindi Books
      Non-fiction Bawana Bawana 05/04/2023 वैभव पब्लिकेशंस/18/02/.01.23363/02.01.23/31.01.23 499.00 510 अग्रवा B-750460 1 499.00 Hindi Books
      Non-fiction Central Jail Tihar Central Jail Tihar 01/09/2023 DBAD/PUB 499.00 510 अग्रवा HN-98116 1 499.00 Hindi Books
      Non-fiction Central Library Central Library 05/04/2023 वैभव पब्लिकेशंस/18/02/.01.23363/02.01.23/31.01.23 499.00 510 अग्रवा B-750453 1 499.00 Hindi Books
      Non-fiction Mobile Library Mobile Library 05/04/2023 वैभव पब्लिकेशंस/18/02/.01.23363/02.01.23/31.01.23 499.00 510 अग्रवा B-750454 2 499.00 Hindi Books
      Non-fiction Mobile Library Mobile Library 05/04/2023 वैभव पब्लिकेशंस/18/02/.01.23363/02.01.23/31.01.23 499.00 510 अग्रवा B-750455 2 499.00 Hindi Books
      Non-fiction Patel Nagar Patel Nagar 05/04/2023 वैभव पब्लिकेशंस/18/02/.01.23363/02.01.23/31.01.23 499.00 510 अग्रवा B-750457 1 499.00 Hindi Books
      Non-fiction Sarojini Nagar Sarojini Nagar 05/04/2023 वैभव पब्लिकेशंस/18/02/.01.23363/02.01.23/31.01.23 499.00 510 अग्रवा B-750458 1 499.00 Hindi Books
      Non-fiction Shahdara Branch Shahdara Branch 05/04/2023 वैभव पब्लिकेशंस/18/02/.01.23363/02.01.23/31.01.23 499.00 510 अग्रवा B-750461 1 499.00 Hindi Books
      Non-fiction Yojana Vihar Yojana Vihar 05/04/2023 वैभव पब्लिकेशंस/18/02/.01.23363/02.01.23/31.01.23 499.00 510 अग्रवा B-750462 1 499.00 Hindi Books

© Delhi Public Library
Hit Counter
free hit counter